000 nam a22 7a 4500
999 _c8315
_d8315
008 171227b xxu||||| |||| 00| 0 eng d
100 _aDelhi Development Authority
_94733
245 _aMaster Plan for Delhi perspective 2001
260 _adelhi
_bDelhi development authority
_c1995